000
00308nam a22001217a 4500
008
181025b xxu||||| |||| 00| 0 eng d
041
_a
eng
080
_a
321
100
_a
23
101
_a
POL
245
_a
The Power On Nations The PoliticAL Of International Relations
_c
Knorr.K
942
_2
udc
_c
BK
999
_c
50933
_d
50933